Panic! At The Disco Cover Art Quiz - Statistics

General Stats
  • This quiz has been taken 110 times
  • The average score is 11 of 16
Answer Stats
Picture Answer % Correct
Viva Las Vengeance
99%
Death of a Bachelor
85%
Pretty. Odd.
84%
Live in Chicago
83%
Pray for the Wicked
83%
A Fever You Can't Sweat Out
82%
Too Weird to Live, Too Rare to Die!
77%
House of Memories
74%
Vices & Virtues
72%
That Green Gentleman
71%
Victorious
65%
Nine in the Afternoon
61%
The Ballad of Mona Lisa
61%
C'mon
59%
All My Friends We're Glorious
44%
Spotify Singles
30%
No matching quizzes found
Score Distribution
Percent of People with Each Score
Percentile by Number Answered
Your Score History
You have not taken this quiz